Angels on assignment / (Record no. 8791)
[ view plain ]
| 000 -LEADER | |
|---|---|
| fixed length control field | 01357cam a22003014a 4500 |
| 001 - CONTROL NUMBER | |
| control field | 13781980 |
| 003 - CONTROL NUMBER IDENTIFIER | |
| control field | GBCCL |
| 005 - DATE AND TIME OF LATEST TRANSACTION | |
| control field | 20241126110658.0 |
| 008 - FIXED-LENGTH DATA ELEMENTS--GENERAL INFORMATION | |
| fixed length control field | 041115s2004 paua 000 0 eng |
| 010 ## - | |
| -- | 2004027070 |
| 040 ## - CATALOGING SOURCE | |
| Original cataloging agency | DLC |
| Transcribing agency | DLC |
| Modifying agency | DLC |
| 042 ## - | |
| -- | pcc |
| 050 00 - | |
| -- | BT966.3 |
| -- | .B83 2004 |
| 082 00 - DEWEY DECIMAL CLASSIFICATION NUMBER | |
| Classification number | 235.3 |
| Edition information | 22 |
| Item number | BUC |
| 100 1# - MAIN ENTRY--PERSONAL NAME | |
| Personal name | Buck, Roland. |
| 9 (RLIN) | 15455 |
| 245 10 - TITLE STATEMENT | |
| Title | Angels on assignment / |
| Statement of responsibility, etc. | by Charls andFrances Hunter as told by Roland Buck. |
| 260 ## - PUBLICATION, DISTRIBUTION, ETC. | |
| Place of publication, distribution, etc. | Kingwood, Texas : |
| Name of publisher, distributor, etc. | Hunter books, |
| Date of publication, distribution, etc. | 1979. |
| 300 ## - PHYSICAL DESCRIPTION | |
| Extent | 204 p. : |
| Other physical details | ill. ; |
| Dimensions | 23 cm. |
| 505 0# - FORMATTED CONTENTS NOTE | |
| Formatted contents note | Encounter -- Good news for you and your family -- Ministry of angels -- My visit to the throne room -- Sequel to the throne room -- God's priorities -- He tasted death -- You are covered (atonement) -- God's warning signals -- When God says thanks! -- Mission Philippines -- Michael and his angels -- Angels on assignment -- He is coming again! |
| 600 00 - SUBJECT ADDED ENTRY--PERSONAL NAME | |
| Personal name | Gabriel |
| Titles and other words associated with a name | (Archangel) |
| 9 (RLIN) | 15456 |
| 650 #0 - SUBJECT ADDED ENTRY--TOPICAL TERM | |
| Topical term or geographic name entry element | Angels |
| General subdivision | Christianity. |
| 9 (RLIN) | 15457 |
| 650 #0 - SUBJECT ADDED ENTRY--TOPICAL TERM | |
| Topical term or geographic name entry element | Buck, Roland. |
| 9 (RLIN) | 15455 |
| 650 #0 - SUBJECT ADDED ENTRY--TOPICAL TERM | |
| Topical term or geographic name entry element | Private revelations. |
| 9 (RLIN) | 15458 |
| 856 41 - ELECTRONIC LOCATION AND ACCESS | |
| Materials specified | Table of contents |
| Uniform Resource Identifier | <a href="http://www.loc.gov/catdir/toc/ecip054/2004027070.html">http://www.loc.gov/catdir/toc/ecip054/2004027070.html</a> |
| 906 ## - LOCAL DATA ELEMENT F, LDF (RLIN) | |
| a | 7 |
| b | cbc |
| c | orignew |
| d | 1 |
| e | ecip |
| f | 20 |
| g | y-gencatlg |
| 942 ## - ADDED ENTRY ELEMENTS (KOHA) | |
| Source of classification or shelving scheme | Dewey Decimal Classification |
| Koha item type | Books |
| Withdrawn status | Lost status | Source of classification or shelving scheme | Damaged status | Not for loan | Home library | Current Library | Shelving location | Date acquired | Total checkouts | Full call number | Barcode | Date last seen | Copy number | Price effective from | Koha item type |
|---|---|---|---|---|---|---|---|---|---|---|---|---|---|---|---|
| Dewey Decimal Classification | GRACE BIBLE COLLEGE | GRACE BIBLE COLLEGE | Theology | 2021-10-20 | 235.3 BUC | 004663 | 2025-05-01 | c.1 | 2021-10-20 | Books |